| 000 | 00737nam a2200217 a 4500 | ||
|---|---|---|---|
| 001 | 000021017 | ||
| 005 | 20200930011219.0 | ||
| 008 | 100830s1978 ag a 000 0 spa d | ||
| 020 | _a9879208544 | ||
| 040 |
_aDO-SdBNP _bspa _cBNPHU |
||
| 082 |
_a371.9 _bM843e |
||
| 100 | 1 |
_aMoreno, María Laura _943978 |
|
| 245 | 1 | 0 |
_aEducación física en el discapacitado / _cMaría Laura Moreno. |
| 260 |
_aQuilmes : _bLexus, _c[1978]. |
||
| 300 |
_a320 p. : _bil. ; _c28 cm. |
||
| 504 | _aIncluye referencias bibliográficas ( p. 313-314) | ||
| 650 |
_aEducacion fisica para incapacitados fisicamente _943979 |
||
| 650 | 4 |
_aIncapacitados fisicamente-reabilitación _943980 |
|
| 650 | 4 |
_aEstudiante con discapacida fisica _943981 |
|
| 049 | _aBNPD | ||
| 999 |
_c20520 _d20520 |
||